000 00963nam a22003137a 4500
003 CHAP
005 20220817041457.0
008 971013s1980 r 00010 d
010 _a15605
011 _a16577
035 _a20658
040 _cCHAP
090 _aFolleto 6782
100 0 0 _aHill, Thomas A.
_955446
245 _aEndogenous plant growth substances
250 _a2 ed.
260 _aLondon :
_bArnold,
_c1980
300 _a68 p.
_b: gráfs.
490 _aInstitute of Biology's. Studies in biology
_v; 40
590 _aBATCH-UPD
_b10
_c20130110
_lUCH01
_h1552
590 _aCONVERSION
_b10
_c20130109
_lUCH01
_h1310
650 1 4 _aHormonas vegetales.
650 1 4 _aPlantas
_xCrecimiento
_xEstimulantes.
_988808
830 0 _aInstitute of Biology's. Studies in biology
_v; 40
_959025
901 _aBK
942 _cFOLL
949 _aFolleto 6782
_bBC
_cFOLL
_d-48207
_eTS1
_i20658
_si
949 _aFolleto 6782
_bBC
_cFOLL
_d-48208
_eTS2
_fc.2
_i20658
_si
999 _c15605
_d15605